Statistiques concernant Les 15 villes les plus peuplées de France

Cliquez ici pour prendre le quiz!

Statistiques générales

  • Ce quiz a été pris 23 fois
    (22 depuis la dernière actualisation)
  • Le résultat moyen est 8 sur 15

Statistiques - réponses

HintRéponse% Correct
1Paris
100%
2Marseille
93%
3Lyon
93%
4Toulouse
73%
5Nice
60%
6Nantes
60%
7Strasbourg
60%
8Montpellier
60%
9Bordeaux
47%
10Lille
47%
11Rennes
33%
12Reims
13%
14Saint-Etienne
13%
13Le Havre
7%
15Toulon
7%

Distribution des résultats

Percentile par nombre de réponses

% des personnes avec chaque résultat

Votre développement - résultats

Vous n’avez pas pris ce quiz depuis la dernière actualisation